000
00329nam a2200133Ia 4500
005
20251222152619.0
008
251222s9999||||xx |||||||||||||| ||spa||
082
_a
363.738.74/P98
100
_a
Pulgar-Vidal, Manuel
245
0
_a
El acuerdo de ParĂs:
250
_a
1a.ed.
264
_b
Ministerio del Ambiente,
942
_c
LIB
999
_c
27290
_d
27290